000 00667nam a2200229Ia 4500
003 OSt
005 20220918110402.0
006 a|||||r|||| 00| 0
007 ta
008 220915b |||||||| |||| 00| 0 eng d
024 _a97341
037 _cReference Collections
040 _aARTS
_cARTS
_beng
041 _2eng
_aeng
082 _aV1:1(MV41)7J, L3.1 (RR)
100 _aBanks Arthur
_97485
245 0 _aWorld atlas of military history
260 _aNew York
_bHippocrene
_c1973
650 _aWORLD HISTORY
942 _hV1:1(MV41)7J, L3.1 (RR)
_cREF
999 _c112514
_d112514